Statistiken für Waffenexporte - Vereinigte Staaten

Klicken Sie hier um das Quiz zu spielen!

Allgemein

  • Dieses Quiz wurde 149 mal gespielt
  • Das Durchschnittsergebnis liegt bei 13 aus 20

Antwortstatistiken

RangEmpfänger% Korrekt
2Australien
80%
18Kanada
80%
1Saudi-Arabien
80%
11Indien
79%
8Japan
79%
15Israel
76%
7Türkei
76%
4Südkorea
75%
5Irak
74%
10Vereinigtes
Königreich
70%
16Pakistan
68%
13Ägypten
63%
19Italien
59%
3Vereinigte
Arabische Emirate
57%
14Afghanistan
52%
12Katar
52%
9Taiwan
52%
20Griechenland
43%
17Marokko
33%
6Singapur
20%

Verteilung der Resultate

Perzentil nach korrekt beantworteten Fragen

Anzahl Personen mit jedem Resultat

Ihre Resultats-Entwicklung

Sie haben dieses Quiz noch nicht gespielt